Loading...

A First Course In Probability And Statistics

Bibliographic Details
Main Author: Malik, Henrick, J, (Malik, Henrick, J)
Other Authors: Mullen, Kenneth, (Mullen, Kenneth)
Format: Printed Book
Language:English
Published: California: Addison-Wesley Publishing Company, 1973.
Subjects:
LEADER 00788nam a22001694a 4500
008 150118n ii |||gr||||Z||||||eng
082 |a 519 MAL 
100 |a Malik, Henrick, J,  |q (Malik, Henrick, J). 
245 |a A First Course In Probability And Statistics  |c Malik, Henrick, J  |h Textual Documents 
260 |a California:  |b Addison-Wesley Publishing Company,  |c 1973. 
300 |a XII,361p.:  |e 05781. 
630 |a Probability, Bernoulli Distribution, Hypothesis Testing, Linear Regression, Friedman`s Test. 
700 |a Mullen, Kenneth,  |q (Mullen, Kenneth). 
852 |t 1  |p STA05781  |b Text Books  |k 519 MAL  |f 00000  |c Shelf - 7 
942 |c BK 
999 |c 216269  |d 216269 
952 |0 0  |1 0  |4 0  |6 519_000000000000000_MAL  |7 0  |9 230266  |a STA  |b STA  |c Shelf - 7  |d 2019-12-11  |l 0  |o 519 MAL  |p STA05781  |r 2019-12-11  |t 1  |w 2019-12-11  |y BK